[Event "Temuco Universidad de La Frontera"]
[Site "Temuco"]
[Date "2017.07.19"]
[Round "2"]
[White "Valdebenito Sepulveda, Victor Ale"]
[Black "Barriga Silva, Felipe"]
[Result "0-1"]
[WhiteElo "1401"]
[BlackElo "2039"]
[PlyCount "42"]
[EventDate "2017.07.19"]
[EventType "tourn"]
[EventRounds "9"]
[EventCountry "CHI"]
[SourceTitle "EXT 2018"]
[Source "ChessBase"]
[SourceDate "2017.10.13"]
[SourceVersion "1"]
[SourceVersionDate "2017.10.13"]
[SourceQuality "1"]

1. e4 c5 2. Nc3 e6 3. Nf3 Nc6 4. Bb5 Nd4 5. Bc4 a6 6. a4 Ne7 7. 0-0 Nec6 8. Re1 Be7 9. d3 0-0 10. Be3 d6 11. Nb1 d5 12. exd5 exd5 13. Ba2 Bg4 14. Bxd4 Nxd4 15. Nbd2 Bg5 16. h3 Bxd2 17. hxg4 Bxe1 18. Nxe1 Re8 19. Nf3 Ne2+ 20. Kf1 Qf6 21. Ng1 Ng3# 0-1